| 000 | 00686nam a22001217a 4500 | ||
|---|---|---|---|
| 040 | _cRUA | ||
| 100 | _aCHEANG HORSAN,ជាង ហោសាន | ||
| 245 | _aHAEMOPRASITES IN DOMESTIC CHICKEN (GALLUS GALLUS DOMESTIUS L.) AT PREY PHKOAM COMMUNE, ANDKOR BOREI DISTRICT,TAKEO PROVINCE,បរាសិតក្នុងឈាមមាន់ពូជក្នុងស្រុកនៅឃុំព្រៃផ្កាំ ស្រុកអង្គរបុរី ខេត្តតាកែវ | ||
| 260 |
_aPHNOM PENH _bRUA _c2019 |
||
| 300 |
_aVII,34P, _bILL, _c29CM, |
||
| 856 | _uhttps://drive.google.com/file/d/17ibZ92x8W_91f7og_3r6kU-ZChIE7a5W/view?usp=share_link | ||
| 942 | _cAGR | ||
| 999 |
_c19904 _d19904 |
||